[Event "TOP 12 Feminin Phase 1"]
[Site "PARIS, France"]
[Date "2025.05.10"]
[Round "3.1"]
[White "USHENINA, Anna"]
[Black "VEGA GUTERRIEZ, Sabrina"]
[Result "1/2-1/2"]
[WhiteElo "2426"]
[BlackElo "2382"]
[PlyCount "107"]
[EventDate "2025.05.??"]
[WhiteTeam "PARIS"]
[BlackTeam "MULHOUSE"]
[WhiteTeamCountry "FRA"]
[BlackTeamCountry "FRA"]

1. c4 {166} c5 {15} 2. Nf3 {11} Nc6 {60} 3. d4 {15} cxd4 {8} 4. Nxd4 {2} g6 {38
} 5. e4 {9} Nf6 {17} 6. Nc3 {8} d6 {6} 7. f3 {50} Bg7 {310} 8. Be3 {16} O-O {
163} 9. Be2 {55} Nxd4 {74} 10. Bxd4 {24} Nh5 {472} 11. Bxg7 {878} Nxg7 {672}
12. Qd2 {142} Be6 {717} 13. O-O {419} Qa5 {60} 14. b3 {48} Rfc8 {41} 15. Rfd1 {
677} a6 {142} 16. a4 {306} Qb6+ {449} 17. Kh1 {31} a5 {5} 18. f4 {863} Kf8 {272
} 19. Rab1 {291} Qc5 {445} 20. Rf1 {287} f6 {53} 21. Rbe1 {264} Rd8 {99} 22.
Bd3 {396} Bf7 {28} 23. Nd5 {192} Rac8 {440} 24. Bb1 {154} Ne8 {180} 25. Rf3 {
396} e6 {277} 26. Nc3 {37} Kg7 {464} 27. Rh3 {88} f5 {76} 28. Rd3 {137} Qb6 {
241} 29. Bc2 {243} Nf6 {47} 30. Bd1 {59} d5 {81} 31. cxd5 {13} fxe4 {84} 32.
Nxe4 {13} Nxe4 {161} 33. Rxe4 {3} exd5 {7} 34. Red4 {51} Be6 {77} 35. Qb2 {23}
Kg8 {13} 36. Bf3 {50} Qc5 {41} 37. Rd1 {47} Qc3 {57} 38. Qe2 {31} Re8 {19} 39.
Qb5 {22} Bf7 {31} 40. h3 {45} Re1+ {19} 41. Kh2 {4} Rxd1 {30} 42. Rxd1 {1} Qc7
{112} 43. Bxd5 {127} Qxf4+ {3} 44. Kh1 {2} Rc1 {83} 45. Bxf7+ {16} Kg7 {4} 46.
Qd5 {78} Rxd1+ {6} 47. Qxd1 {1} Qxf7 {21} 48. Qd4+ {5} Qf6 {41} 49. Qd7+ {4}
Qf7 {4} 50. Qb5 {4} Qc7 {17} 51. Qd5 {31} Qc1+ {29} 52. Kh2 {4} Qf4+ {4} 53.
Kg1 {7} Qe3+ {9} 54. Kh2 {101} 1/2-1/2

[Event "TOP 12 Feminin Phase 1"]
[Site "PARIS, France"]
[Date "2025.05.10"]
[Round "3.2"]
[White "NAVROTESCU, Andreea"]
[Black "MAISURADZE, Nino"]
[Result "1-0"]
[WhiteElo "2323"]
[BlackElo "2154"]
[PlyCount "41"]
[EventDate "2025.05.??"]
[WhiteTeam "MULHOUSE"]
[BlackTeam "PARIS"]
[WhiteTeamCountry "FRA"]
[BlackTeamCountry "FRA"]

1. d4 {2} Nf6 {173} 2. c4 {7} c5 {5} 3. d5 {3} e6 {3} 4. Nc3 {4} exd5 {3} 5.
cxd5 {5} d6 6. e4 {8} g6 {9} 7. f4 {13} Bg7 {20} 8. Bb5+ {18} Nfd7 {6} 9. a4 {
66} O-O {16} 10. Nf3 {15} Na6 {28} 11. O-O {19} Nc7 {370} 12. Bc4 {863} a6 {181
} 13. Re1 {45} Re8 {1108} 14. e5 {1151} dxe5 {1194} 15. d6 Ne6 {8} 16. fxe5 {7}
Nd4 {1653} 17. Nxd4 {358} cxd4 {10} 18. Bxf7+ {11} Kxf7 {81} 19. Qb3+ {3} Kf8 {
275} 20. Rf1+ {36} Bf6 {44} 21. Bh6# {8} 1-0

[Event "TOP 12 Feminin Phase 1"]
[Site "PARIS, France"]
[Date "2025.05.10"]
[Round "3.3"]
[White "ALEXIEVA, Silvia"]
[Black "RICHARD, Emma"]
[Result "1-0"]
[WhiteElo "2203"]
[BlackElo "2142"]
[PlyCount "197"]
[EventDate "2025.05.??"]
[WhiteTeam "PARIS"]
[BlackTeam "MULHOUSE"]
[WhiteTeamCountry "FRA"]
[BlackTeamCountry "FRA"]

1. e4 {3} c5 {21} 2. Nf3 {8} Nc6 {7} 3. Nc3 {18} e5 {11} 4. Bc4 {26} Be7 {23}
5. d3 {32} d6 {10} 6. Nd2 {37} Nf6 {213} 7. Nf1 {31} O-O {593} 8. Ne3 {12} Nd4
{73} 9. O-O {93} Rb8 {276} 10. a4 {496} a6 {289} 11. a5 {273} Nc6 {328} 12.
Ncd5 {22} Nxd5 {56} 13. Nxd5 {10} Bg5 {51} 14. Bd2 {135} Be6 {1008} 15. Nb6 {
103} Re8 {113} 16. Bd5 {398} Bf4 {722} 17. Bxf4 {802} exf4 {37} 18. Bxc6 {19}
bxc6 {5} 19. f3 {9} h5 {996} 20. Qd2 {151} Qf6 {29} 21. c3 {36} h4 {32} 22. h3
{52} Qg5 {297} 23. Kh1 {15} Rbd8 {36} 24. Qf2 {366} f5 {686} 25. Rad1 {310}
fxe4 {52} 26. dxe4 {14} c4 {160} 27. Qd4 {226} Qg3 {36} 28. Rd2 {60} d5 {73}
29. e5 {471} Bf5 {23} 30. Na4 {61} Bc8 {44} 31. Nc5 {52} Re7 {31} 32. Ne4 {257}
Qg6 {4} 33. Nd6 {7} Bd7 {59} 34. Qxf4 {51} Rf8 {5} 35. Qd4 {76} Qg3 {49} 36. f4
{34} g5 {36} 37. Rdf2 {400} gxf4 {30} 38. Rf3 {27} Qg5 {10} 39. Rxf4 {101} Rxf4
{14} 40. Qxf4 {13} Qxf4 {15} 41. Rxf4 {2} Rxe5 {27} 42. Rxh4 {5} Re2 {48} 43.
Nb7 {6} Rxb2 {14} 44. Nc5 {5} Be8 {81} 45. Nxa6 {104} Ra2 {26} 46. Nc7 {6} Bd7
{26} 47. a6 {13} Kf8 {26} 48. Rh7 {400} Bf5 {44} 49. Rh6 {130} Be4 {32} 50.
Ne6+ {46} Ke7 {29} 51. Nc5 {73} Bxg2+ {8} 52. Kg1 {4} Bf3 {9} 53. Rxc6 {95} d4
{70} 54. Re6+ {33} Kd8 {8} 55. Rd6+ {58} Kc7 {11} 56. Rxd4 {16} Kc6 {26} 57.
Ne4 {136} Bxe4 {50} 58. Rxe4 {1} Kd5 {6} 59. Rg4 {23} Ra3 {13} 60. Rg3 {103}
Rxa6 {9} 61. Re3 {6} Ra2 {95} 62. h4 {5} Kd6 {53} 63. h5 {45} Ra5 {11} 64. Rh3
{5} Ra7 {27} 65. h6 {19} Rh7 {3} 66. Kf2 {3} Ke5 {19} 67. Ke3 {14} Kd5 {92} 68.
Rh5+ {8} Ke6 {19} 69. Kd4 {4} Kd6 {27} 70. Kxc4 {13} Kc6 {3} 71. Kd4 {74} Kd6 {
4} 72. Ra5 {27} Kc6 {15} 73. Ra6+ {10} Kb5 {28} 74. Rd6 {27} Rc7 {27} 75. Rd5+
{7} Kb6 {4} 76. c4 {11} Rf7 {49} 77. Rd6+ {63} Kc7 {7} 78. Kc5 {227} Rf1 {31}
79. Rg6 {8} Rf5+ {8} 80. Kb4 {106} Rh5 {9} 81. Rg7+ {154} Kc6 {6} 82. h7 {4}
Kb6 {118} 83. Kc3 {225} Rh4 {15} 84. Kd3 {4} Kc5 {62} 85. Ra7 {49} Kb6 {110}
86. Rf7 {22} Kc5 {10} 87. Ke3 {15} Rh3+ {13} 88. Ke4 {16} Kxc4 {56} 89. Rc7+ {6
} Kb5 {2} 90. Kd5 {66} Kb6 {63} 91. Rf7 {12} Rh5+ {17} 92. Kd6 {7} Rh1 {28} 93.
Kd7 {65} Kc5 {31} 94. Ke6 {74} Kd4 {45} 95. Kf6 {28} Kd5 {27} 96. Ra7 {27} Kd6
{30} 97. Kg7 {13} Rg1+ {3} 98. Kf8 {8} Rh1 {36} 99. Kg8 {6} 1-0

[Event "TOP 12 Feminin Phase 1"]
[Site "PARIS, France"]
[Date "2025.05.10"]
[Round "3.4"]
[White "HAUSSERNOT, Cecile"]
[Black "HAMDOUCHI, Adina-Maria"]
[Result "1-0"]
[WhiteElo "2108"]
[BlackElo "2164"]
[PlyCount "79"]
[EventDate "2025.05.??"]
[WhiteTeam "MULHOUSE"]
[BlackTeam "PARIS"]
[WhiteTeamCountry "FRA"]
[BlackTeamCountry "FRA"]

1. e4 {18} d5 {13} 2. exd5 {18} Qxd5 {6} 3. Nc3 {16} Qd6 {14} 4. d4 {63} Nf6 {
18} 5. Nf3 {21} g6 {9} 6. g3 {614} Bg7 {115} 7. Bg2 {122} Qa6 {53} 8. Bf4 {78}
c6 {152} 9. Qd2 {114} O-O {367} 10. Bh6 {174} Bf5 {403} 11. Bxg7 {137} Kxg7 {5}
12. Nh4 {84} Be6 {127} 13. f4 {39} Nbd7 {192} 14. f5 {204} Bd5 {666} 15. g4 {
192} Nxg4 {394} 16. Bxd5 {238} cxd5 {17} 17. Rg1 {27} Ngf6 {340} 18. O-O-O {201
} Ne4 {400} 19. Nxe4 {207} dxe4 {4} 20. Kb1 {59} Qf6 {98} 21. Qf4 {372} e3 {119
} 22. Ng2 {352} e2 {347} 23. Rde1 {29} e5 {608} 24. fxe6 {458} Qxe6 {235} 25.
Ne3 {85} Qf6 {672} 26. Qg4 {202} Nb6 {168} 27. Rxe2 {91} Kh8 {55} 28. Rf1 {105}
Qd6 {65} 29. Qh4 {1188} f5 {80} 30. Ng2 {63} Rae8 {235} 31. Rfe1 {57} Rxe2 {6}
32. Rxe2 Nd5 {34} 33. c4 {306} Nf6 {51} 34. c5 {52} Qa6 {248} 35. Nf4 {91} Nd5
{47} 36. Re1 {95} Nxf4 {82} 37. Qxf4 {3} Qd3+ {14} 38. Ka1 {17} Kg8 {73} 39. a3
{260} Rd8 {27} 40. Qh4 {9} 1-0

[Event "TOP 12 Feminin Phase 1"]
[Site "PARIS, France"]
[Date "2025.05.10"]
[Round "3.5"]
[White "OSMAK, Yuliia"]
[Black "BELLAHCENE, Sofia"]
[Result "1-0"]
[WhiteElo "2471"]
[BlackElo "2094"]
[PlyCount "83"]
[EventDate "2025.05.??"]
[WhiteTeam "CHARTRES"]
[BlackTeam "BISCHWILLER"]
[WhiteTeamCountry "FRA"]
[BlackTeamCountry "FRA"]

1. d4 {3} Nf6 {13} 2. c4 {3} e6 {5} 3. Nc3 {4} Bb4 {5} 4. a3 {28} Bxc3+ {15} 5.
bxc3 {4} c5 {63} 6. f3 {39} d5 {83} 7. cxd5 {21} exd5 {13} 8. e3 {32} Nc6 {31}
9. Bd3 {47} O-O {6} 10. Ne2 {14} b6 {23} 11. O-O {160} a5 {350} 12. a4 {1501}
h5 {322} 13. Rb1 {284} Re8 {197} 14. Re1 {317} Ba6 {171} 15. Nf4 {422} Bxd3 {
552} 16. Nxd3 {27} cxd4 {129} 17. cxd4 {6} Re7 {222} 18. Qb3 {59} Ne8 {141} 19.
Ba3 {306} Rb7 {137} 20. Nf4 {507} Nf6 {50} 21. Qd3 {335} Qd7 {200} 22. Qb5 {6}
Rab8 {42} 23. Rec1 {46} Na7 {158} 24. Qxd7 {46} Rxd7 {2} 25. Nd3 {219} b5 {279}
26. Bc5 {149} b4 {116} 27. Ne5 {15} Nc8 {147} 28. Nxd7 {36} Nxd7 {1} 29. Kf2 {
31} Ncb6 {28} 30. Bxb6 {71} Nxb6 {1} 31. Rc5 {34} Nc4 {258} 32. Rxd5 {29} b3 {
71} 33. Rc5 {38} Rb4 {41} 34. Rxb3 {120} Rxa4 {19} 35. Rxh5 {73} Ra2+ {7} 36.
Kg3 {9} g6 {10} 37. Rc5 {39} Nd2 {40} 38. Rb8+ {81} Kg7 {2} 39. Rc1 {238} a4 {7
} 40. Ra8 {29} Ra3 {95} 41. Kf4 {112} Ra2 {37} 42. Ra7 {76} 1-0

[Event "TOP 12 Feminin Phase 1"]
[Site "PARIS, France"]
[Date "2025.05.10"]
[Round "3.6"]
[White "GE, Charlene"]
[Black "DAULYTE-CORNETTE, Deimante"]
[Result "0-1"]
[WhiteElo "1864"]
[BlackElo "2396"]
[PlyCount "54"]
[EventDate "2025.05.??"]
[WhiteTeam "BISCHWILLER"]
[BlackTeam "CHARTRES"]
[WhiteTeamCountry "FRA"]
[BlackTeamCountry "FRA"]

1. e4 {1} c5 {8} 2. c3 {5} Nf6 {10} 3. e5 {8} Nd5 {7} 4. d4 {7} cxd4 {19} 5.
cxd4 {6} Nc6 {26} 6. Nf3 {32} g6 {39} 7. Nc3 {69} Nxc3 {43} 8. bxc3 {6} Bg7 {29
} 9. Bd3 {95} d6 {182} 10. exd6 {232} Qxd6 {17} 11. O-O {104} O-O {33} 12. Qa4
{458} Bg4 {430} 13. Nd2 {465} Rfd8 {397} 14. Ne4 {393} Qc7 {91} 15. f3 {700}
Bd7 {538} 16. Qa3 {875} Be8 {150} 17. Nf2 {306} e5 {173} 18. dxe5 {370} Nxe5 {
28} 19. Be2 {150} Nc4 {164} 20. Bxc4 {185} Qxc4 {5} 21. Bb2 {414} Ba4 {380} 22.
Qe7 {174} Re8 {50} 23. Qg5 {80} Re2 {41} 24. Ba3 {156} Qxc3 {42} 25. Bd6 {104}
Rxf2 {133} 26. Kxf2 {146} Qd4+ {11} 27. Qe3 {25} Qxd6 {5} 0-1

[Event "TOP 12 Feminin Phase 1"]
[Site "PARIS, France"]
[Date "2025.05.10"]
[Round "3.7"]
[White "TOMASI, Elise"]
[Black "BELLAHCENE, Meriem"]
[Result "1/2-1/2"]
[WhiteElo "2087"]
[BlackElo "1910"]
[PlyCount "53"]
[EventDate "2025.05.??"]
[WhiteTeam "CHARTRES"]
[BlackTeam "BISCHWILLER"]
[WhiteTeamCountry "FRA"]
[BlackTeamCountry "FRA"]

1. d4 {13} Nf6 {6} 2. Nf3 {9} d5 {6} 3. g3 {6} Bf5 {20} 4. Bg2 {12} e6 {8} 5.
O-O {29} h6 {3} 6. c4 {5} c6 {34} 7. Nc3 {11} Nbd7 {8} 8. Nd2 {73} Be7 {756} 9.
b3 {209} O-O {108} 10. Bb2 {36} Rb8 {616} 11. e4 {471} dxe4 {152} 12. Ndxe4 {10
} Nxe4 {79} 13. Nxe4 {11} Nf6 {16} 14. Nc3 {1199} b5 {246} 15. Qe2 {1822} bxc4
{845} 16. Qxc4 {57} c5 {314} 17. Ba3 {273} cxd4 {156} 18. Bxe7 {15} Qxe7 {2}
19. Qxd4 {30} Rfd8 {3} 20. Qe5 {103} Ng4 {167} 21. Qe2 {242} Rbc8 {1031} 22.
Ne4 {52} Nf6 {143} 23. Rac1 {46} Nd5 {578} 24. h4 {156} Qa3 {103} 25. Rxc8 {250
} Rxc8 {1} 26. Qd2 {37} a5 {100} 27. Kh2 {97} 1/2-1/2

[Event "TOP 12 Feminin Phase 1"]
[Site "PARIS, France"]
[Date "2025.05.10"]
[Round "3.8"]
[White "BELLAHCENE, Jenna"]
[Black "SCHIPPKE, Manon"]
[Result "0-1"]
[WhiteElo "1845"]
[BlackElo "2161"]
[PlyCount "92"]
[EventDate "2025.05.??"]
[WhiteTeam "BISCHWILLER"]
[BlackTeam "CHARTRES"]
[WhiteTeamCountry "FRA"]
[BlackTeamCountry "FRA"]

1. e4 {2} c5 {5} 2. Nf3 {5} e6 {279} 3. c3 {10} Nc6 {55} 4. d4 {189} d5 {36} 5.
exd5 {69} exd5 {3} 6. Be2 {423} Nf6 {6} 7. O-O {118} Bd6 {105} 8. dxc5 {119}
Bxc5 {3} 9. Bg5 {98} Be6 {23} 10. Nbd2 {97} h6 {130} 11. Bh4 {477} g5 {296} 12.
Bg3 {5} Ne4 {5} 13. Nb3 {287} Bb6 {23} 14. Nbd4 {132} Nxg3 {270} 15. hxg3 {17}
Qd6 {115} 16. Bb5 {614} O-O {461} 17. Ba4 {621} Bg4 {80} 18. Qd3 {178} Qf6 {134
} 19. Rae1 {462} Rfe8 {97} 20. Bc2 {118} Rxe1 {615} 21. Rxe1 {39} Bxf3 {6} 22.
Nxf3 {141} g4 {4} 23. Nd4 {484} Nxd4 {26} 24. cxd4 {2} Bxd4 {5} 25. Rd1 {150}
Bxf2+ {140} 26. Kh2 {1} Qg5 {1295} 27. Qf5 {295} Qxf5 {10} 28. Bxf5 {2} d4 {23}
29. Bxg4 {26} Re8 {149} 30. Bf3 {172} b6 {10} 31. Kh3 {27} Re5 {17} 32. b3 {348
} Rc5 {35} 33. Rd3 {54} Kg7 {16} 34. Be4 {117} f5 {62} 35. Bb7 {45} Rc1 {58}
36. Kh2 {28} Bg1+ {147} 37. Kh3 {41} Be3 {17} 38. g4 {136} f4 {25} 39. g3 {20}
Rc3 {31} 40. Rd1 {80} Bf2 {17} 41. Kg2 {70} fxg3 {5} 42. Be4 {19} Kf6 {22} 43.
Bh7 {78} Kg5 {31} 44. Kh3 {9} Kf4 {23} 45. Bd3 {91} Ke3 {11} 46. Ba6 {21} d3 {
19} 0-1

[Event "TOP 12 Feminin Phase 1"]
[Site "PARIS, France"]
[Date "2025.05.10"]
[Round "3.9"]
[White "GARCIA MARTIN, Marta"]
[Black "IGLESIAS, Yosha"]
[Result "1/2-1/2"]
[WhiteElo "2324"]
[BlackElo "2288"]
[PlyCount "95"]
[EventDate "2025.05.??"]
[WhiteTeam "MARSEILLE"]
[BlackTeam "ASNIERES SUR SEINE"]
[WhiteTeamCountry "FRA"]
[BlackTeamCountry "FRA"]

1. d4 {5} d5 {14} 2. c4 {11} c6 {16} 3. Nf3 {19} Nf6 {16} 4. g3 {24} Bf5 {67}
5. Nc3 {30} e6 {79} 6. Qb3 {38} Qb6 {71} 7. c5 {18} Qxb3 {30} 8. axb3 {8} Be7 {
277} 9. b4 {33} O-O {307} 10. Bf4 {33} h6 {268} 11. h3 {38} Ne4 {538} 12. g4 {
798} Bh7 {26} 13. Rg1 {516} Nd7 {545} 14. e3 {1284} a6 {201} 15. Bd3 {83} Ng5 {
686} 16. Bxh7+ {516} Kxh7 {150} 17. Bxg5 {180} hxg5 {11} 18. h4 {19} gxh4 {39}
19. g5 {6} b6 {310} 20. Ke2 {965} a5 {778} 21. b5 {36} Rfc8 {84} 22. bxc6 {95}
Rxc6 {17} 23. Rg4 {1162} Rh8 {272} 24. Rxh4+ {206} Kg8 {5} 25. Rxh8+ {7} Kxh8 {
3} 26. cxb6 {56} Rxb6 {65} 27. Na4 {30} Rc6 {97} 28. Kd3 {31} g6 {397} 29. Nc3
{13} Bb4 {10} 30. Nd2 {42} Nb6 {58} 31. Ra2 {40} Kg7 {133} 32. Na4 {33} Nxa4 {
539} 33. Rxa4 {4} Rc1 {44} 34. Nb3 {9} Rd1+ {30} 35. Ke2 {28} Rb1 {17} 36. Ra2
{10} Kf8 {124} 37. Nxa5 {88} Bxa5 {9} 38. Rxa5 {5} Rxb2+ {4} 39. Kf3 {6} Rc2 {
37} 40. Ra7 {76} Rb2 {12} 41. Kg3 {25} Re2 {22} 42. Ra3 {31} Ke7 {62} 43. f3 {
29} Re1 {19} 44. Ra7+ {31} Kf8 {28} 45. Kf4 {24} Rf1 {6} 46. Rb7 {39} Kg7 {18}
47. Ra7 {31} Rf2 {14} 48. Rb7 {33} 1/2-1/2

[Event "TOP 12 Feminin Phase 1"]
[Site "PARIS, France"]
[Date "2025.05.10"]
[Round "3.10"]
[White "GUICHARD, Pauline"]
[Black "DELORME, Laurie"]
[Result "1-0"]
[WhiteElo "2324"]
[BlackElo "2070"]
[PlyCount "73"]
[EventDate "2025.05.??"]
[WhiteTeam "ASNIERES SUR SEINE"]
[BlackTeam "MARSEILLE"]
[WhiteTeamCountry "FRA"]
[BlackTeamCountry "FRA"]

1. d4 {117} d5 {6} 2. c4 {9} e6 {6} 3. Nc3 {9} Nf6 {6} 4. cxd5 {14} exd5 {6} 5.
Bg5 {6} c6 {40} 6. e3 {46} h6 {78} 7. Bh4 {51} Be7 {82} 8. Bd3 {52} O-O {57} 9.
Nge2 {121} Ne8 {89} 10. Bg3 {228} Nd6 {27} 11. Qc2 {43} Re8 {33} 12. O-O {16}
Bf8 {15} 13. b4 {170} Nd7 {500} 14. b5 {316} Nb6 {31} 15. a4 {289} Nbc4 {887}
16. Bf4 {151} Bd7 {977} 17. Ng3 {141} Qf6 {893} 18. Qe2 {526} g6 {384} 19. Rfc1
{383} Na5 {226} 20. Rab1 {322} h5 {68} 21. h3 {80} h4 {23} 22. Nf1 {67} Ndc4 {
320} 23. Nh2 {649} Na3 {586} 24. Rb2 {11} N3c4 {15} 25. Ra2 {252} Nb3 {33} 26.
Rb1 {70} Nxd4 {26} 27. Qd1 {114} Ne6 {621} 28. Ne4 {833} dxe4 {92} 29. Bxc4 {
127} Nxf4 {17} 30. Qxd7 {30} Re7 {89} 31. Qd1 {372} Nd3 {58} 32. Rd2 {182} Nc5
{26} 33. Rd6 {98} Qf5 {41} 34. bxc6 {65} bxc6 {5} 35. Rxc6 {48} Rd7 {5} 36. Qg4
{21} Rad8 {64} 37. Rxg6+ {25} 1-0

[Event "TOP 12 Feminin Phase 1"]
[Site "PARIS, France"]
[Date "2025.05.10"]
[Round "3.11"]
[White "BERNARD, Ines"]
[Black "GAPONENKO, Inna"]
[Result "0-1"]
[WhiteElo "2077"]
[BlackElo "2318"]
[PlyCount "108"]
[EventDate "2025.05.??"]
[WhiteTeam "MARSEILLE"]
[BlackTeam "ASNIERES SUR SEINE"]
[WhiteTeamCountry "FRA"]
[BlackTeamCountry "FRA"]

1. d4 {2} Nf6 {6} 2. c4 {5} c5 {13} 3. d5 {4} b5 {5} 4. cxb5 {4} a6 {2} 5. e3 {
7} Bb7 {935} 6. Nc3 {19} e6 {4} 7. e4 {174} axb5 {2961} 8. Bxb5 {19} Qa5 {30}
9. dxe6 {852} fxe6 {186} 10. Bd2 {41} Nxe4 {190} 11. Nxe4 {234} Qxb5 {87} 12.
Qh5+ {9} g6 {778} 13. Qe5 {1302} Bxe4 {4} 14. Qxe4 {68} Qc6 {41} 15. Qe5 {97}
Qxg2 {108} 16. O-O-O {817} Qxh1 {199} 17. f3 {72} Qg2 {40} 18. Qxh8 {506} Qxh2
{2} 19. Kb1 {836} Nc6 {25} 20. Bc3 {3} Qh5 {286} 21. Ne2 {160} O-O-O {97} 22.
Qf6 {233} Be7 {34} 23. Qf4 {9} Qf5+ {9} 24. Qxf5 {4} gxf5 {3} 25. Rh1 {10} Rg8
{61} 26. Rxh7 {89} Rg2 {1} 27. Nf4 {47} Rg3 {79} 28. Rh3 {64} Rg1+ {25} 29. Kc2
{11} Bg5 {50} 30. Rh8+ {117} Bd8 {25} 31. Nd3 {53} d6 {35} 32. Nf4 {379} Kd7
33. Rh7+ {9} Be7 {23} 34. a4 {17} d5 {32} 35. Nd3 {31} Kd6 {41} 36. f4 {67} d4
{30} 37. Bd2 {10} Bd8 {54} 38. b3 {46} Rg2 {30} 39. Nb2 {31} Ba5 {36} 40. Nc4+
{13} Kd5 {1} 41. Nxa5 {45} Nxa5 {4} 42. Rd7+ {13} Kc6 {35} 43. Rd8 {44} Nxb3 {
64} 44. Kxb3 Rxd2 {4} 45. Rc8+ {29} Kb6 {57} 46. a5+ {70} Kb5 {3} 47. a6 {3}
Rd3+ {57} 48. Kb2 {5} Kxa6 {5} 49. Rxc5 {2} Re3 {3} 50. Kc2 {30} Kb6 {6} 51.
Rc8 {17} Rc3+ {30} 52. Rxc3 dxc3 {7} 53. Kd3 {7} Kb5 {32} 54. Kxc3 {6} Kc5 {
Kd4+ [%emt 00:00:37] 2} 0-1

[Event "TOP 12 Feminin Phase 1"]
[Site "PARIS, France"]
[Date "2025.05.10"]
[Round "3.12"]
[White "NICOARA, Malina"]
[Black "CORNILEAU, Juliette"]
[Result "0-1"]
[WhiteElo "2042"]
[BlackElo "2076"]
[PlyCount "90"]
[EventDate "2025.05.??"]
[WhiteTeam "ASNIERES SUR SEINE"]
[BlackTeam "MARSEILLE"]
[WhiteTeamCountry "FRA"]
[BlackTeamCountry "FRA"]

1. d4 {2} Nf6 {8} 2. c4 {10} e6 {5} 3. Nc3 {11} Bb4 {9} 4. Qc2 {45} O-O {28} 5.
a3 {125} Bxc3+ {10} 6. Qxc3 {4} d6 {10} 7. Bg5 {1074} h6 {39} 8. Bh4 {57} Re8 {
10} 9. Nf3 {565} Nbd7 {128} 10. Rd1 {196} Qe7 {267} 11. e3 {44} e5 {57} 12.
dxe5 {263} dxe5 {16} 13. Be2 {154} b6 {377} 14. O-O {401} Bb7 {282} 15. b4 {
1494} a5 {803} 16. Bxf6 {400} Nxf6 {18} 17. Nd2 {4} e4 {286} 18. Rb1 {197} axb4
{536} 19. axb4 {10} Ra2 {149} 20. Rb2 {250} Rea8 {142} 21. Qc2 {158} R2a3 {413}
22. Rc1 {92} Rd8 {804} 23. c5 {122} Bd5 {37} 24. Nb3 {236} Bxb3 {313} 25. Rxb3
{4} Rxb3 {86} 26. Qxb3 {2} Rd2 {78} 27. Qc4 {16} Qe5 {64} 28. cxb6 {121} cxb6 {
10} 29. Bf1 {24} Kh7 {1024} 30. Qc3 {17} Qd6 {195} 31. h3 {14} Rd1 {73} 32.
Rxd1 {29} Qxd1 {2} 33. Qc4 {16} Kg6 {98} 34. b5 {47} Qd5 {23} 35. Qc7 {26} Qc5
{35} 36. Qf4 {68} Qf5 {33} 37. Qg3+ {65} Qg5 {14} 38. Qd6 {24} Qc5 {6} 39. Qf4
{18} Kh7 {53} 40. g3 {72} Qe7 {42} 41. Bg2 {104} g6 {9} 42. Kh2 {18} Kg7 {4}
43. g4 {47} Qe6 {82} 44. Kg3 {71} g5 {21} 45. Qb8 {31} Nd5 {41} 0-1